000
00302nam a2200133Ia 4500
100
_a
Productivity Development Team
942
_c
BK
245
_a
Kanban for the shopfloor
260
_b
Production Press Inc
_c
2002
082
_a
658
_b
PDT
300
_a
96
546
_a
ENGLISH
_c
Info.Tech
999
_c
26830
_d
26830